Los muertos
Salvato in:
| Autore principale: | |
|---|---|
| Natura: | Libro |
| Lingua: | spagnolo |
| Pubblicazione: |
Ciudad de México
Joaquín Mortiz
1971
|
| Serie: | Obras Incompletas de Max Aub
|
| Soggetti: | |
| Tags: |
Aggiungi Tag
Nessun Tag, puoi essere il primo ad aggiungerne!!
|
MARC
| LEADER | 00000nam a2200000 a 4500 | ||
|---|---|---|---|
| 001 | UCQ6111 | ||
| 003 | CL-VaPUC | ||
| 008 | 981009e19710000MX |||||||||||||||||spa|d | ||
| 082 | 0 | 4 | |a 862 |b AUB |2 21 |
| 100 | 0 | |a Aub, Max |e author |9 344232 | |
| 245 | 1 | 4 | |a Los muertos |
| 300 | |a 156 p | ||
| 942 | |c BK | ||
| 945 | |d 19981009 00:00:00 |a lriquelm | ||
| 260 | |a Ciudad de México |b Joaquín Mortiz |c 1971 | ||
| 650 | 0 | |a Literatura española |9 306261 | |
| 650 | 0 | |a Teatro español |9 265077 | |
| 583 | |a last modification |c 19981009 00:00:00 |k Rodrigo Vera | ||
| 490 | 0 | |a Obras Incompletas de Max Aub | |
| 999 | |c 276113 |d 276111 | ||
| 952 | |0 0 |1 0 |4 0 |6 862_000000000000000_AUB_1971 |7 0 |8 A |9 313244 |a FDOPOS |b FDOPOS |d 2019-11-20 |i 147832K |o 862 AUB 1971 |p 147832K |r 2025-01-22 |w 2019-11-20 |y BK |k MLH | ||